Best Footballer From Each Nation Of Top 50 World Rankings ( Via Fifa ) - Statistics

General Stats
  • This quiz has been taken 138 times
    113 since last reset
  • The average score is 23 of 50
Answer Stats
Nation Player % Correct
Portugal Cristiano Ronaldo
96%
Argentina Lionel Messi
95%
Belgium Eden Hazard/ Kevin De Bruyne
94%
Brazil Neymar
92%
Poland Robert Lewandowski
88%
France Antoine Griezmann/ Paul Pogba/ N'Golo Kante/ Hugo Lloris
86%
Wales Gareth Bale
82%
Germany Manuel Neuer
82%
Uruguay Luis Suarez
81%
Chile Alexis Sanchez
79%
England Harry Kane
79%
Croatia Luka Modric
79%
Egypt Mohamed Salah
78%
Senegal Sadio Mane
78%
Denmark Christian Eriksen
76%
Sweden Zlatan Ibrahimovic
76%
Colombia James Rodriguez
75%
Italy Gianluigi Buffon/ Giorgio Chiellini
69%
Austria David Alaba
65%
Costa Rica Keylor Navas
60%
Spain David De Gea
55%
Holland Arjen Robben
52%
Iceland Gylfi Sigurdsson
51%
Slovakia Marek Hamsik
51%
Bosnia-Herzegovina Miralem Pjanic
44%
Greece Sokratis Papastathopoulos
32%
Czech Republic Petr Cech
31%
Northern Ireland Jonny Evans
29%
Serbia Nemanja Matic
29%
Peru Jefferson Farfan
27%
Australia Aaron Mooy
21%
Tunisia Wahbi Khazri
20%
Switzerland Roman Burki
19%
Venezuela Salomon Rondon
19%
Montenegro Stevan Jovetic
19%
Iran Sardar Azmoun/ Alireza Jahanbakhsh
18%
Republic of Ireland Seamus Coleman
18%
Morocco Medhi Benatia
16%
Ghana Andre Ayew/ Kevin-Prince Boateng
14%
DR Congo Cedric Bakambu
13%
Romania Florin Andone/ Ciprian Tatarusanu/ Stefan Radu
13%
Paraguay Hernan Perez/ Miguel Almiron
13%
Cameroon Joel Matip
12%
USA John Brooks
12%
Ukraine Marlos
7%
Bulgaria Ivelin Popov
5%
Turkey Omer Toprak
5%
Nigeria Vincent Enyeama
4%
Mexico Javier Hernandez
2%
Scotland Tom Cairney/ Matt Phillips
1%
No matching quizzes found
Score Distribution
Percent of People with Each Score
Percentile by Number Answered
Your Score History
You have not taken this quiz since the last reset